| 000 | 00685nam a22001817a 4500 | ||
|---|---|---|---|
| 999 |
_c176290 _d176290 |
||
| 005 | 20201210123301.0 | ||
| 010 | _aENG-128650 | ||
| 020 |
_a978-93-84361-46-4 _c199.00 |
||
| 035 | _aEN-112182 | ||
| 037 | _bDBAD/PUB | ||
| 082 | _a000 | ||
| 100 | _aRao, B. L. Hanumantha | ||
| 245 |
_aHow to Crack Civil Services@21: Success code for civil services examination/ _bB. L. Hanumantha Rao |
||
| 260 |
_aAndhra Pradesh _bMaruthi Publications _c2017 |
||
| 270 |
_bAndhra Pradesh _e522001 _a9-4-95, Maruthi Manikanta Nilayam, 3rd Lane, Railpet, Gunter _mcontact@maruthipublications.com _k2224032 _l91 863 2220566 |
||
| 300 |
_a188p. _c22cm(pbk) |
||
| 942 |
_2ddc _cEN _h000 _mRAO |
||